Semi-detailed soil survey of Rantau Panjang Forest Reserve, Batu Arang, Selangor and a report on the soil survey of part of the Kemasul Forest Reserve, Pahang

Bibliographic Details
Main Author: AMIR Husin bin Mohd. Shariff
Corporate Author: Institut Penyelidikan Perhutanan Malaysia (FRIM)
Format: Book
Published: Kuala Lumpur : Forestry Department Peninsular Malaysia , 1983
Series:Research pamphlet ; no. 90
Subjects:

MARC

LEADER 00000cam a2200000 7i4500
001 0000003006
005 20040331.0
090 0 0 |a RP 631.47   |b AMI 1983 
100 0 0 |a AMIR Husin bin Mohd. Shariff 
245 1 0 |a Semi-detailed soil survey of Rantau Panjang Forest Reserve, Batu Arang, Selangor and a report on the soil survey of part of the Kemasul Forest Reserve, Pahang   |c by Amir Husin bin Mohd. Shariff 
260 0 0 |a Kuala Lumpur :   |b Forestry Department Peninsular Malaysia ,   |c 1983 
300 |a Unnumbered :   |b maps ;   |c 30 cm. 
440 0 0 |a Research pamphlet ; no. 90 
650 0 0 |a Soils   |z Batu Arang, Selangor 
650 0 0 |a Soils   |z Pahang 
710 1 1 |a Institut Penyelidikan Perhutanan Malaysia (FRIM) 
998 |a JPSM 
999 |a 0000005349   |b Monograph   |c Open Shelf   |e Default branch 
999 |a 0000005350   |b Monograph   |c Open Shelf   |e Default branch 
999 |a 0000005351   |b Monograph   |c Open Shelf   |e Default branch